|
|
|
|
| LEADER |
00000cab a2200000 ar4500 |
| 001 |
vtls008962722 |
| 003 |
SK-MaSNL |
| 005 |
20260305024144.0 |
| 008 |
070410c2007 xo wr|p|||||||000 ||slo |
| 038 |
|
|
|a PPPK
|
| 040 |
|
|
|a PPPKCL
|b slo
|c PPPK
|e AACR2
|
| 041 |
0 |
|
|a slo
|
| 044 |
|
|
|a xo
|c SK
|
| 080 |
|
|
|a 73/76.047:711.523
|2 2001
|
| 080 |
|
|
|a 73/76:061.4
|2 2001
|
| 080 |
|
|
|a 061.4
|2 2001
|
| 245 |
0 |
0 |
|a Spišskosobotské reflexie ponúka výstava
|c [autor] (pet)
|
| 300 |
|
|
|b Fotogr.
|
| 500 |
|
|
|a Odraz Spišskej Soboty v dielach výtvarných umelcov regiónu. Výstava pri príležitosti 750. výročia prvej písomnej zmienky
|
| 610 |
2 |
7 |
|a Podtatranská knižnica (Poprad, Slovensko).
|b Oddelenie umenia
|2 pppkcl
|9 1037254
|
| 630 |
0 |
7 |
|a Spišskosobotské reflexie (výstava)
|2 pppkcl
|9 1602783
|
| 648 |
|
7 |
|a 2006
|2 pppkcl
|9 313148
|
| 650 |
0 |
7 |
|a výtvarníci
|2 pppkcl
|9 118705
|
| 650 |
0 |
7 |
|a výtvarné umenie
|x výstavy
|2 pppkcl
|9 29345
|
| 650 |
0 |
7 |
|a výstavy
|2 pppkcl
|9 2780
|
| 651 |
|
7 |
|a Spišská Sobota (Poprad, Slovensko)
|2 pppkcl
|9 54498
|
| 651 |
|
7 |
|a Poprad (Slovensko)
|2 pppkcl
|9 20155
|
| 773 |
0 |
|
|t Tatranský denník Korzár
|g Roč. VIII, č. 12 (16.1.2006), s. 1
|x 1335-7573
|
| 852 |
|
|
|a PPPK
|b KIS3GCP
|
| 856 |
|
|
|u www.korzar.sk
|
| 999 |
|
|
|c 3300861
|d 3302791
|